Constructed wetlands for wastewater treatment : municipal, industrial and agricultural
Αποθηκεύτηκε σε:
| Κύριος συγγραφέας: | |
|---|---|
| Μορφή: | Βιβλίο |
| Γλώσσα: | English |
| Δημοσίευση: |
Michigan :
Lewis,
1989
|
| Θέματα: | |
| Ετικέτες: |
Προσθήκη ετικέτας
Δεν υπάρχουν, Καταχωρήστε ετικέτα πρώτοι!
|
MARC
| LEADER | 00000nam a2200000 i 4500 | ||
|---|---|---|---|
| 001 | 1/3660 | ||
| 008 | 960401s1989 eng d | ||
| 020 | |a 0-87371-184-X | ||
| 035 | |l 10015295 | ||
| 040 | |a GR-MY-UA |b gre |e aacr | ||
| 041 | 0 | |a eng | |
| 082 | 0 | |a 628.35 | |
| 100 | 1 | |a Hammer, Donald A. | |
| 245 | 1 | 0 | |a Constructed wetlands for wastewater treatment : |b municipal, industrial and agricultural / |c Donald A. Hammer |
| 260 | |a Michigan : |b Lewis, |c 1989 | ||
| 300 | |a 831 p. |b tables | ||
| 650 | 0 | 0 | |a Constructed wetlands |x Congresses. |
| 650 | 0 | 0 | |a Sewage |x Purification |x Biological treatment. |
| 852 | |a INST |b LESVOS |e 19960401 |h 628.35 CON |p 005100006759 |q 005100006759 |t BK |y 0 | ||
| 909 | |a Λ |b 026360 | ||